000 00506nam a2200181Ia 4500
005 20250326130232.0
008 250326s9999 xx 000 0 und d
037 _aTextbook
040 _aFMSL
_beng
_cFMSL
041 _aeng
_2eng
084 _aX:8D L3
_qFMSL
100 _aPhilippatos G C
_9738832
245 0 _aFicial management theory & techniques
_cPhilippatos G C
260 _aLondon
_bLondon, Holden Day
_c1973
300 _a661p
942 _cTB
_hX:8D L3
999 _c1281583
_d1281583